Statistics for 2019-2020 Green Bay Packers Current Roster

Click here to take the quiz!

General Stats

  • This quiz has been taken 296 times
  • The average score is 25 of 40

Answer Stats

Hint Answer % Correct
QBAaron Rodgers
100%
RBAaron Jones
97%
WRDevante Adams
93%
DTMontravius Adams
90%
RBJamaal Williams
90%
RBDexter Williams
88%
CBTramon Williams
87%
LBZa'Darius Smith
86%
LBPreston Smith
86%
TEJimmy Graham
85%
KMason Crosby
83%
CBJaire Alexander
75%
CoachMatt LaFleur
75%
CBKevin King
71%
WRGeronimo Allison
70%
LBBlake Martinez
69%
WRMarquez Valdes-Scantling
69%
OLBryan Bulaga
68%
FSAdrian Amos
65%
QBDeShone Kizer
65%
OLDavid Bakhtiari
64%
TEMarcedes Lewis
64%
PJK Scott
64%
SSDarnell Savage Jr.
62%
WREquanimeous St. Brown
60%
DTKenny Clark
59%
QBTim Boyle
57%
OLCorey Linsley
52%
WRJake Kumerow
49%
CBJosh Jackson
42%
OLBilly Turner
39%
LBRashan Gary
37%
DEDean Lowry
35%
KRTrevor Davis
34%
TEJace Sternberger
34%
OLLance Taylor
32%
LBOren Burks
31%
DEMike Daniels
31%
LSHunter Bradley
21%
CBKa'dar Hollman
10%

Score Distribution

Percentile by Number Answered

Percent of People with Each Score

Your Score History

You have not taken this quiz